[Event "4NCL Div1 Barbican 2 vs The ADs"]
[Site "?"]
[Date "????.??.??"]
[Round "1"]
[White "Rogers, Jonathan"]
[Black "Snape, Ian"]
[Result "1-0"]
[WhiteElo "2329"]
[BlackElo "2189"]
[PlyCount "59"]
[EventDate "2009.10.24"]
[SourceDate "2009.10.24"]

1. d4 Nf6 2. Nf3 g6 3. Bg5 Bg7 4. Nbd2 h6 5. Bxf6 Bxf6 6. e4 d6 7. e5 Bg7 8.
Bd3 O-O 9. Qe2 c5 10. dxc5 dxc5 11. h4 Nc6 12. h5 Bf5 13. Bxf5 gxf5 14. O-O-O
Qa5 15. Kb1 b5 16. Rdg1 Qa4 17. c3 Rab8 18. g4 b4 19. c4 f4 20. g5 Kh8 21. Qe4
Rb6 22. Qxf4 Ra6 23. gxh6 Qxa2+ 24. Kc1 Bxe5 25. Nxe5 Nd4 26. Qg5 Qa1+ 27. Nb1
Nb3+ 28. Kc2 Nd4+ 29. Kd3 Nf5 30. Nxf7+ 1-0